[Event "Sarajevo Agentlocator"]
[Site "Sarajevo"]
[Date "2023.12.23"]
[Round "8"]
[White "Kadric, Denis"]
[Black "Stojanovic, Dalibor"]
[Result "1/2-1/2"]
[WhiteElo "2587"]
[BlackElo "2464"]
[PlyCount "64"]
[EventDate "2023.12.22"]
[EventType "tourn (rapid)"]
[EventRounds "11"]
[EventCountry "BIH"]
[EventCategory "6"]
[SourceTitle "CB52_2023"]
[SourceDate "2023.12.27"]
[SourceVersion "1"]
[SourceVersionDate "2023.12.27"]
[SourceQuality "1"]

1. e4 e5 2. Nf3 Nc6 3. Bc4 Nf6 4. d3 Be7 5. 0-0 0-0 6. Nc3 d6 7. a4 Be6 8. Nd5 Bxd5 9. exd5 Nb4 10. d4 Nbxd5 11. dxe5 dxe5 12. Nxe5 c6 13. Qf3 Bd6 14. Nd3 Qc7 15. g3 Rae8 16. Bb3 a5 17. Bd2 Ne4 18. Rad1 Nxd2 19. Rxd2 Nf6 20. h4 Re7 21. Re1 Rxe1+ 22. Nxe1 Re8 23. Re2 Rxe2 24. Qxe2 Qe7 25. Qxe7 Bxe7 26. Nf3 Ne4 27. Ne5 Bf6 28. Nd3 Be7 29. Kg2 Nc5 30. Nxc5 Bxc5 31. Bc4 Kf8 32. b3 Ke7 1/2-1/2

[Event "Arandjelovac ASK-14 GM"]
[Site "Arandjelovac"]
[Date "2023.12.15"]
[Round "7"]
[White "Enkhnar, Enkhbaatar"]
[Black "Stojanovic, Dalibor"]
[Result "1/2-1/2"]
[WhiteElo "2327"]
[BlackElo "2464"]
[PlyCount "27"]
[EventDate "2023.12.11"]
[EventType "tourn"]
[EventRounds "9"]
[EventCountry "SRB"]
[EventCategory "6"]
[SourceTitle "CB51_2023"]
[SourceDate "2023.12.20"]
[SourceVersion "1"]
[SourceVersionDate "2023.12.20"]
[SourceQuality "1"]

1. d4 Nf6 2. c4 g6 3. g3 Bg7 4. Bg2 0-0 5. Nf3 d6 6. 0-0 c6 7. Nc3 Bf5 8. Ng5 d5 9. cxd5 cxd5 10. Bf4 Nc6 11. Nf3 Rc8 12. Rc1 a6 13. a3 Ne4 14. Ne5 1/2-1/2

[Event "BIH-chT 21st"]
[Site "Sarajevo"]
[Date "2023.11.07"]
[Round "8.3"]
[White "Stojanovic, Dalibor"]
[Black "Simic, Aleksandar"]
[Result "1-0"]
[WhiteElo "2453"]
[BlackElo "2308"]
[PlyCount "109"]
[EventDate "2023.10.31"]
[EventType "team-tourn"]
[EventRounds "9"]
[EventCountry "BIH"]
[SourceTitle "Mega2024 Update 01"]
[Source "Chessbase"]
[SourceDate "2023.11.12"]
[SourceVersion "1"]
[SourceVersionDate "2023.11.12"]
[SourceQuality "1"]
[WhiteTeam "Sarajevo SK"]
[BlackTeam "Busovaca Hrasno"]
[WhiteTeamCountry "BIH"]
[BlackTeamCountry "BIH"]

1. e4 c6 2. d4 d5 3. e5 Bf5 4. h4 h5 5. c4 e6 6. Nc3 dxc4 7. Bxc4 Nd7 8. Nge2 Nb6 9. Bb3 Be7 10. Ng3 Bg6 11. Nce4 Nh6 12. Be3 Nf5 13. Nxf5 Bxf5 14. Qf3 Nd5 15. Bd2 Qb6 16. Bc3 Qb5 17. Nd2 Bg4 18. Qe4 Bf5 19. Qf3 Nb4 20. a4 Qa6 21. Nc4 Rd8 22. 0-0 Nd5 23. Qg3 g6 24. Bd2 Nb6 25. Nd6+ Bxd6 26. exd6 Nc8 27. Bb4 Qd3 28. d7+ Rxd7 29. Qb8 Qxb3 30. Qxc8+ Rd8 31. Qxb7 c5 32. Qc6+ Kf8 33. Qxc5+ Kg7 34. d5 e5 35. d6 Rhe8 36. Bc3 f6 37. Qxa7+ Rd7 38. Qc5 Qe6 39. Rfd1 Be4 40. f3 Bb7 41. a5 Rc8 42. Qb5 Rc4 43. a6 Bc6 44. Qb6 e4 45. Qe3 Qf5 46. Ra5 Qe6 47. b3 Rxc3 48. Qxc3 Ba8 49. fxe4 Bxe4 50. Qg3 Bxg2 51. Qxg2 Rxd6 52. Raa1 Rxd1+ 53. Rxd1 Qe3+ 54. Qf2 Qh3 55. Rf1 1-0

[Event "BIH-chT 21st"]
[Site "Sarajevo"]
[Date "2023.11.01"]
[Round "2.3"]
[White "Kosic, Dragan"]
[Black "Stojanovic, Dalibor"]
[Result "1/2-1/2"]
[WhiteElo "2395"]
[BlackElo "2453"]
[PlyCount "35"]
[EventDate "2023.10.31"]
[EventType "team-tourn"]
[EventRounds "9"]
[EventCountry "BIH"]
[SourceTitle "Mega2024 Update 01"]
[Source "Chessbase"]
[SourceDate "2023.11.12"]
[SourceVersion "1"]
[SourceVersionDate "2023.11.12"]
[SourceQuality "1"]
[WhiteTeam "Sarajevo Napredak"]
[BlackTeam "Sarajevo SK"]
[WhiteTeamCountry "BIH"]
[BlackTeamCountry "BIH"]

1. d4 Nf6 2. c4 g6 3. Nc3 Bg7 4. e4 d6 5. Be2 0-0 6. Be3 e5 7. Nf3 Bg4 8. dxe5 Bxf3 9. Bxf3 dxe5 10. Qb3 Nc6 11. Qxb7 Nd4 12. 0-0 Rb8 13. Qxa7 Ra8 14. Qb7 Rb8 15. Qa7 Ra8 16. Qc5 Nd7 17. Qa7 Rb8 18. Qb7 1/2-1/2

[Event "SRB-chT Premier"]
[Site "Bajina Basta"]
[Date "2023.09.24"]
[Round "7.3"]
[White "Stojanovic, Dalibor"]
[Black "Mesic, Ismet"]
[Result "1/2-1/2"]
[WhiteElo "2458"]
[BlackElo "2271"]
[PlyCount "50"]
[EventDate "2023.09.18"]
[EventType "team-tourn"]
[EventRounds "11"]
[EventCountry "SRB"]
[SourceTitle "EXT 2024"]
[Source "ChessBase"]
[SourceDate "2023.10.10"]
[SourceVersion "1"]
[SourceVersionDate "2023.10.10"]
[SourceQuality "1"]
[WhiteTeam "Subotica Spartak"]
[BlackTeam "Petrovaradin Kraljica"]
[WhiteTeamCountry "SRB"]
[BlackTeamCountry "SRB"]

1. e4 c5 2. Nc3 d6 3. f4 g6 4. Nf3 Bg7 5. Bb5+ Bd7 6. Bc4 Nc6 7. d3 e6 8. f5 gxf5 9. exf5 d5 10. Bb5 Nge7 11. Bg5 f6 12. fxe6 fxg5 13. exd7+ Qxd7 14. Bxc6 bxc6 15. 0-0 h6 16. Nd2 Bd4+ 17. Kh1 0-0-0 18. Nb3 Nf5 19. Qh5 Ne3 20. Rf7 Qe8 21. Qf3 Rf8 22. Rxf8 Qxf8 23. Qe2 Rd7 24. Nxd4 cxd4 25. Re1 Qg8 1/2-1/2

[Event "FRM-chT 31st"]
[Site "Ohrid"]
[Date "2023.08.27"]
[Round "2.1"]
[White "Atalik, Suat"]
[Black "Stojanovic, Dalibor"]
[Result "1/2-1/2"]
[WhiteElo "2413"]
[BlackElo "2458"]
[PlyCount "30"]
[EventDate "2023.08.26"]
[EventType "team-tourn"]
[EventRounds "7"]
[EventCountry "MKD"]
[SourceTitle "EXT 2024"]
[Source "ChessBase"]
[SourceDate "2023.10.10"]
[SourceVersion "1"]
[SourceVersionDate "2023.10.10"]
[SourceQuality "1"]
[WhiteTeam "Skopje Shkupi"]
[BlackTeam "Prilep Pelagon"]
[WhiteTeamCountry "MKD"]
[BlackTeamCountry "MKD"]

1. d4 Nf6 2. c4 g6 3. g3 Bg7 4. Bg2 0-0 5. Nc3 d6 6. Nf3 c6 7. e4 Be6 8. Qd3 Bg4 9. Nd2 e5 10. d5 Na6 11. h3 Bd7 12. 0-0 Ne8 13. a3 Nc5 14. Qb1 cxd5 15. Nxd5 Nc7 1/2-1/2

[Event "Arandjelovac op 2nd"]
[Site "Arandjelovac"]
[Date "2023.08.03"]
[Round "5"]
[White "Bryakin, Mikhail"]
[Black "Stojanovic, Dalibor"]
[Result "1/2-1/2"]
[WhiteElo "2462"]
[BlackElo "2454"]
[PlyCount "35"]
[EventDate "2023.07.31"]
[EventType "swiss"]
[EventRounds "9"]
[EventCountry "SRB"]
[SourceTitle "CBM 215 Extra"]
[Source "ChessBase"]
[SourceDate "2023.09.30"]
[SourceVersion "1"]
[SourceVersionDate "2023.09.30"]
[SourceQuality "1"]

1. d4 Nf6 2. c4 g6 3. Nc3 Bg7 4. e4 d6 5. Be2 0-0 6. Be3 Na6 7. Nf3 e5 8. d5 Ng4 9. Bg5 f6 10. Bh4 Nh6 11. Nd2 c5 12. a3 Nf7 13. f3 Bh6 14. Bf2 f5 15. h4 b6 16. exf5 gxf5 17. g4 Bf4 18. Rg1 1/2-1/2

[Event "Arandjelovac op 2nd"]
[Site "Arandjelovac"]
[Date "2023.08.01"]
[Round "2"]
[White "Stojanovic, Dalibor"]
[Black "Balabayeva, Kseniya"]
[Result "1-0"]
[WhiteElo "2454"]
[BlackElo "2188"]
[PlyCount "87"]
[EventDate "2023.07.31"]
[EventType "swiss"]
[EventRounds "9"]
[EventCountry "SRB"]
[SourceTitle "CBM 215 Extra"]
[Source "ChessBase"]
[SourceDate "2023.09.30"]
[SourceVersion "1"]
[SourceVersionDate "2023.09.30"]
[SourceQuality "1"]

1. e4 e6 2. d4 d5 3. Nd2 c5 4. Ngf3 cxd4 5. Nxd4 Nc6 6. Bb5 Bd7 7. Nxc6 bxc6 8. Bd3 Qc7 9. Qe2 Ne7 10. Nf3 Ng6 11. 0-0 Bd6 12. Re1 Bf4 13. c4 0-0 14. exd5 cxd5 15. Bxg6 hxg6 16. Bxf4 Qxf4 17. cxd5 exd5 18. Qe5 Qxe5 19. Rxe5 Bc6 20. Nd4 Bb7 21. Re7 Rab8 22. Rc1 Rfe8 23. Rxe8+ Rxe8 24. f3 Re7 25. Kf2 Kf8 26. Rc3 Ke8 27. Re3 a6 28. h4 Kd7 29. Rxe7+ Kxe7 30. b4 Kd6 31. Ke3 Bc8 32. f4 Bd7 33. Ne2 Bb5 34. Nc3 Bf1 35. g3 Bg2 36. Kd4 Bf3 37. a4 Kc6 38. Ke3 Bg4 39. Kd4 Bf3 40. a5 Bg2 41. b5+ axb5 42. Na2 Kc7 43. Nb4 Bf3 44. Kc5 1-0

[Event "Arandjelovac op 1st"]
[Site "Arandjelovac"]
[Date "2023.03.16"]
[Round "2"]
[White "Lajthajm, Borko"]
[Black "Stojanovic, Dalibor"]
[Result "1/2-1/2"]
[WhiteElo "2336"]
[BlackElo "2453"]
[PlyCount "29"]
[EventDate "2023.03.15"]
[EventType "swiss"]
[EventRounds "9"]
[EventCountry "SRB"]
[SourceTitle "CBM 213 Extra"]
[Source "ChessBase"]
[SourceDate "2023.05.31"]
[SourceVersion "1"]
[SourceVersionDate "2023.05.31"]
[SourceQuality "1"]

1. d4 Nf6 2. c4 e6 3. Nf3 Bb4+ 4. Bd2 Bxd2+ 5. Qxd2 0-0 6. Nc3 d5 7. e3 Qe7 8. Qc2 dxc4 9. Bxc4 c5 10. 0-0 Nc6 11. dxc5 Qxc5 12. Ne4 Nxe4 13. Qxe4 Bd7 14. Rac1 Qe7 15. a3 1/2-1/2

[Event "Bundesliga 2223"]
[Site "Germany"]
[Date "2023.02.26"]
[Round "9.2"]
[White "Stojanovic, Dalibor"]
[Black "Perunovic, Milos"]
[Result "1/2-1/2"]
[WhiteElo "2472"]
[BlackElo "2542"]
[PlyCount "64"]
[EventDate "2022.10.21"]
[EventType "team-tourn"]
[EventRounds "15"]
[EventCountry "GER"]
[SourceTitle "CBM 213 Extra"]
[Source "ChessBase"]
[SourceDate "2023.05.31"]
[SourceVersion "1"]
[SourceVersionDate "2023.05.31"]
[SourceQuality "1"]
[WhiteTeam "Deggendorf"]
[BlackTeam "Schoenaich"]
[WhiteTeamCountry "GER"]
[BlackTeamCountry "GER"]

1. e4 c5 2. Nf3 Nc6 3. d4 cxd4 4. Nxd4 e5 5. Nb5 d6 6. c4 g6 7. N1c3 a6 8. Na3 Be6 9. Be3 Bg7 10. Nc2 Nf6 11. Be2 0-0 12. 0-0 Rc8 13. Qd2 Ne7 14. Na3 Nc6 15. Rfd1 Nd4 16. f3 Nh5 17. Bf1 f5 18. Nc2 fxe4 19. Nxe4 d5 20. Nxd4 exd4 21. Bg5 Qd7 22. cxd5 Bxd5 23. Re1 Rfe8 24. Bd3 Bxe4 25. Bxe4 Nf6 26. Bc2 Nd5 27. Bb3 Kh8 28. Rxe8+ Rxe8 29. Re1 Rxe1+ 30. Qxe1 Ne3 31. Qf2 Qf5 32. Bxe3 dxe3 1/2-1/2

[Event "Bijeljina Dana"]
[Site "Bijeljina"]
[Date "2023.01.18"]
[Round "7"]
[White "Radlovacki, Jovan"]
[Black "Stojanovic, Dalibor"]
[Result "0-1"]
[WhiteElo "2283"]
[BlackElo "2448"]
[PlyCount "74"]
[EventDate "2023.01.14"]
[EventType "tourn"]
[EventRounds "9"]
[EventCountry "BIH"]
[EventCategory "6"]
[SourceTitle "CBM 212 Extra"]
[Source "ChessBase"]
[SourceDate "2023.03.31"]
[SourceVersion "1"]
[SourceVersionDate "2023.03.31"]
[SourceQuality "1"]

1. e4 c5 2. Nf3 Nc6 3. Bb5 g6 4. Bxc6 dxc6 5. 0-0 Bg7 6. c3 Nf6 7. Re1 Bg4 8. h3 Bxf3 9. Qxf3 Nd7 10. Na3 e5 11. d3 Nf8 12. Nc2 Ne6 13. b3 0-0 14. Bb2 f5 15. Rad1 f4 16. Qg4 Qe8 17. h4 h5 18. Qh3 Rd8 19. Rd2 g5 20. hxg5 Nxg5 21. Qh2 Qg6 22. Kh1 h4 23. f3 Qh5 24. Rg1 Rd6 25. Ne1 Rg6 26. d4 h3 27. g4 fxg3 28. Qxg3 Rf4 29. Rf2 Nxe4 30. Qxg6 Nxf2+ 31. Kh2 Qxg6 32. Rxg6 Kh7 33. Rd6 exd4 34. cxd4 cxd4 35. Rd7 Kg6 36. Rxb7 Be5 37. Re7 Re4+ 0-1

[Event "Bijeljina Dana"]
[Site "Bijeljina"]
[Date "2023.01.17"]
[Round "5"]
[White "Vetokhin, Savva"]
[Black "Stojanovic, Dalibor"]
[Result "1-0"]
[WhiteElo "2354"]
[BlackElo "2448"]
[PlyCount "75"]
[EventDate "2023.01.14"]
[EventType "tourn"]
[EventRounds "9"]
[EventCountry "BIH"]
[EventCategory "6"]
[SourceTitle "CBM 212 Extra"]
[Source "ChessBase"]
[SourceDate "2023.03.31"]
[SourceVersion "1"]
[SourceVersionDate "2023.03.31"]
[SourceQuality "1"]

1. d4 Nf6 2. c4 g6 3. Nf3 Bg7 4. g3 0-0 5. Bg2 c6 6. 0-0 d6 7. Nc3 Bf5 8. Re1 Ne4 9. Qb3 Qb6 10. g4 Nxc3 11. gxf5 Qxb3 12. axb3 Ne4 13. Nh4 d5 14. fxg6 hxg6 15. Be3 Bf6 16. Nf3 Na6 17. Ne5 Rfd8 18. Nxc6 bxc6 19. Rxa6 Rab8 20. Rxc6 Rxb3 21. Bxe4 dxe4 22. d5 Rxb2 23. Bxa7 Kg7 24. Be3 Rd7 25. Kf1 Rc2 26. Rd1 Ra2 27. c5 Ra1 28. Rxa1 Bxa1 29. Ra6 Be5 30. c6 Rxd5 31. Ra7 Kf6 32. c7 Bxc7 33. Rxc7 e5 34. h4 Ke6 35. Bg5 Rd1+ 36. Kg2 Rd7 37. Rxd7 Kxd7 38. Kg3 1-0

[Event "Bijeljina Dana"]
[Site "Bijeljina"]
[Date "2023.01.16"]
[Round "3"]
[White "Miljkovic, Miroslav D"]
[Black "Stojanovic, Dalibor"]
[Result "1/2-1/2"]
[WhiteElo "2428"]
[BlackElo "2448"]
[PlyCount "38"]
[EventDate "2023.01.14"]
[EventType "tourn"]
[EventRounds "9"]
[EventCountry "BIH"]
[EventCategory "6"]
[SourceTitle "CBM 212 Extra"]
[Source "ChessBase"]
[SourceDate "2023.03.31"]
[SourceVersion "1"]
[SourceVersionDate "2023.03.31"]
[SourceQuality "1"]

1. d4 Nf6 2. c4 e6 3. Nc3 d5 4. Bg5 Be7 5. e3 0-0 6. Nf3 h6 7. Bxf6 Bxf6 8. Rc1 c6 9. Bd3 Nd7 10. 0-0 dxc4 11. Bxc4 e5 12. Ne4 exd4 13. Nxf6+ Nxf6 14. Qxd4 Bg4 15. Qxd8 Raxd8 16. Ne5 Bf5 17. Rfd1 Rde8 18. Nf3 Bg4 19. Be2 Rd8 1/2-1/2

[Event "Sarajevo Agent Locator Cup"]
[Site "Sarajevo"]
[Date "2022.12.23"]
[Round "2"]
[White "Stojanovic, Dalibor"]
[Black "Marjanovic, Dejan"]
[Result "1/2-1/2"]
[WhiteElo "2446"]
[BlackElo "2387"]
[PlyCount "82"]
[EventDate "2022.12.23"]
[EventType "tourn"]
[EventRounds "9"]
[EventCountry "BIH"]
[EventCategory "7"]
[SourceTitle "CBM 211 Extra"]
[Source "ChessBase"]
[SourceDate "2023.01.31"]
[SourceVersion "1"]
[SourceVersionDate "2023.01.31"]
[SourceQuality "1"]

1. e4 e6 2. d4 d5 3. Nc3 Be7 4. Nf3 Nf6 5. Bd3 c5 6. dxc5 dxe4 7. Nxe4 Nxe4 8. Bxe4 Qxd1+ 9. Kxd1 Bxc5 10. Be3 Nd7 11. Ke2 Ke7 12. Rhd1 Bxe3 13. Kxe3 Nc5 14. Nd2 Bd7 15. Bf3 Rac8 16. c4 a5 17. b3 Rhd8 18. Ne4 Nxe4 19. Bxe4 Bc6 20. f4 Bxe4 21. Kxe4 f5+ 22. Ke3 Kf6 23. Rd4 Rxd4 24. Kxd4 b6 25. a3 h6 26. b4 Rd8+ 27. Kc3 Ra8 28. Rd1 g5 29. g3 Ke7 30. Kb3 axb4 31. axb4 e5 32. fxe5 Ke6 33. Re1 f4 34. gxf4 gxf4 35. Kc3 Rd8 36. c5 bxc5 37. bxc5 Rd5 38. Kc4 Rd2 39. c6 Rc2+ 40. Kb5 f3 41. Rf1 Kxe5 1/2-1/2

[Event "CRO-chT2 Qual 1B Liga"]
[Site "Slavonski Brod"]
[Date "2022.11.18"]
[Round "1.1"]
[White "Stojanovic, Dalibor"]
[Black "Kurajica, Bojan"]
[Result "0-1"]
[WhiteElo "2446"]
[BlackElo "2487"]
[PlyCount "60"]
[EventDate "2022.11.18"]
[EventType "team-tourn"]
[EventRounds "3"]
[EventCountry "CRO"]
[SourceTitle "EXT 2024"]
[Source "ChessBase"]
[SourceDate "2023.10.10"]
[SourceVersion "1"]
[SourceVersionDate "2023.10.10"]
[SourceQuality "1"]
[WhiteTeam "Dubrovnik"]
[BlackTeam "Zagreb Novi"]
[WhiteTeamCountry "CRO"]
[BlackTeamCountry "CRO"]

1. e4 c5 2. Nf3 e6 3. d4 cxd4 4. Nxd4 a6 5. Bd3 Bc5 6. Nb3 Ba7 7. Qe2 Nc6 8. Be3 d6 9. N1d2 Nf6 10. 0-0 e5 11. a4 Bxe3 12. Qxe3 0-0 13. Bc4 Qc7 14. c3 Rb8 15. Qe2 Bd7 16. Rfc1 Ne7 17. Bd3 d5 18. c4 dxe4 19. Nxe4 Nxe4 20. Bxe4 f5 21. Bd5+ Kh8 22. Re1 e4 23. Qe3 Bc6 24. Red1 Rfd8 25. Bxc6 Nxc6 26. Rd5 Nb4 27. Rxd8+ Rxd8 28. Qg5 Qc8 29. h3 Rd3 30. Na5 b6 0-1

[Event "Bundesliga 2223"]
[Site "Germany"]
[Date "2022.10.21"]
[Round "7.4"]
[White "Martinovic, Sasa"]
[Black "Stojanovic, Dalibor"]
[Result "1-0"]
[WhiteElo "2546"]
[BlackElo "2472"]
[PlyCount "107"]
[EventDate "2022.10.21"]
[EventType "team-tourn"]
[EventRounds "15"]
[EventCountry "GER"]
[SourceTitle "CBM 211"]
[Source "ChessBase"]
[SourceDate "2022.12.31"]
[SourceVersion "1"]
[SourceVersionDate "2022.12.31"]
[SourceQuality "1"]
[WhiteTeam "Muenchen 36"]
[BlackTeam "Deggendorf"]
[WhiteTeamCountry "GER"]
[BlackTeamCountry "GER"]

1. d4 Nf6 2. c4 e6 3. Nf3 Bb4+ 4. Nbd2 b6 5. a3 Bxd2+ 6. Nxd2 d5 7. e3 0-0 8. Bd3 Bb7 9. 0-0 Nbd7 10. b3 Re8 11. Bb2 e5 12. dxe5 Nxe5 13. Be2 dxc4 14. Nxc4 Nxc4 15. Bxc4 Qe7 16. Qc2 Rad8 17. Rfd1 Ne4 18. Rxd8 Rxd8 19. Rd1 h6 20. Bf1 Rxd1 21. Qxd1 Qh4 22. Qc2 Qd8 23. b4 Qd2 24. Qxd2 Nxd2 25. Bd3 Bd5 26. f3 Nc4 27. Bc1 a5 28. e4 Be6 29. bxa5 bxa5 30. Kf2 Kf8 31. Ke2 Ke7 32. Bc2 g5 33. Kd3 f6 34. Kc3 Ne5 35. Bd1 Bf7 36. Be2 c5 37. Be3 Kd6 38. g3 h5 39. f4 gxf4 40. gxf4 Nd7 41. Bb5 Nb6 42. Bd2 Ba2 43. Kd3 f5 44. e5+ Ke6 45. Bxa5 c4+ 46. Kd4 Nd5 47. Bd2 c3 48. Bc1 Bb3 49. a4 c2 50. a5 Nc7 51. Bd3 Nd5 52. a6 Nb4 53. a7 Bd5 54. Bc4 1-0

[Event "SRB-chT 1st League CS"]
[Site "Banja Vrujci"]
[Date "2022.10.05"]
[Round "7.2"]
[White "Dudin, Gleb"]
[Black "Stojanovic, Dalibor"]
[Result "1-0"]
[WhiteElo "2471"]
[BlackElo "2472"]
[PlyCount "117"]
[EventDate "2022.10.01"]
[EventType "team-tourn"]
[EventRounds "11"]
[EventCountry "SRB"]
[SourceTitle "CBM 210 Extra"]
[Source "ChessBase"]
[SourceDate "2022.11.30"]
[SourceVersion "1"]
[SourceVersionDate "2022.11.30"]
[SourceQuality "1"]
[WhiteTeam "Paracin OSK"]
[BlackTeam "Valjevo 2005"]
[WhiteTeamCountry "SRB"]
[BlackTeamCountry "SRB"]

1. d4 Nf6 2. c4 g6 3. Nc3 Bg7 4. e4 d6 5. Be2 0-0 6. Be3 Nc6 7. Nf3 Bg4 8. 0-0 Bxf3 9. Bxf3 Nd7 10. d5 Nce5 11. Be2 Nb6 12. Qb3 Ned7 13. Qc2 c6 14. Rfd1 cxd5 15. exd5 a5 16. Rac1 Rc8 17. b3 Nc5 18. Nb5 Nbd7 19. Re1 Na6 20. Qd2 Ndc5 21. Bf1 Ne4 22. Qe2 Re8 23. Qf3 Nec5 24. Bg5 Qd7 25. Bd2 Qd8 26. h4 Nb4 27. a3 Nba6 28. b4 axb4 29. axb4 Nd7 30. h5 Nf6 31. h6 Bh8 32. Bc3 Nc7 33. Nxc7 Qxc7 34. Bd4 e5 35. dxe6 Rxe6 36. g3 Qe7 37. Rxe6 fxe6 38. Re1 Qf7 39. Bh3 Re8 40. Qe2 e5 41. Bb2 e4 42. Bg2 b5 43. cxb5 d5 44. Qd2 Ng4 45. Bxh8 Kxh8 46. Qd4+ Kg8 47. f3 Nxh6 48. fxe4 Nf5 49. exf5 Rxe1+ 50. Kf2 Re4 51. Bxe4 dxe4 52. f6 Qa2+ 53. Ke3 Kf7 54. b6 Qb3+ 55. Kxe4 Qxg3 56. Qe5 Qg2+ 57. Kd4 Qf2+ 58. Kd5 Qf3+ 59. Kd6 1-0